AP Quizenhuber Exam - Statistics

General Stats
  • This quiz has been taken 78 times
  • The average score is 13 of 15
Answer Stats
Hint Answer % Correct
Name one of the countries I've been to (other than the US and Germany) Canada/Austria/Japan/Iceland/Italy/Croatia/Russia/Estonia/Denmark
100%
Name of my second-youngest sister Hattie
97%
Sport in which I perfected my "squeeze the lemon" move Soccer
93%
Model of my first car Honda CR-V
90%
Instrument that I tried in 9th grade (and dropped after a month) Trombone
90%
Class where I first met Jayden and Evan Geometry
86%
Town I lived in before third grade Vienna
86%
Name of my LEAST favorite teacher freshman year Mrs. Huang
83%
Name and type of my eponymous pet whose death I cried over Arlo the Fish
79%
Topic of my Capstone Two-Minute Speech Euthanasia
79%
First name of the girl I liked in 7th grade Alexis
76%
Club that I was peer-pressured into joining in 9th grade (hint: think Gandhi, King Jr., etc.) Human Rights Club
76%
Private school I went to Lorien Wood
76%
My first friend in public school Tyler Lui
76%
My mom's first name Leslie
72%
No matching quizzes found
Score Distribution
Percent of People with Each Score
Percentile by Number Answered
Your Score History
You have not taken this quiz